Datum a čas kvízu
45.5
Celkem bodů
Celkový počet nahraných bodů na tomto kvízu bez doplňovacích otázek.
2.
Pořadí na kvízu
Konečné umístění týmu na tomto kvízu.
Zaznamenané odpovědi
| # | Otázka | Odpověď | Body | Výsledky |
|---|---|---|---|---|
| 1. | Na domě v Praze nedaleko Vyšeh... | Šemík Happy End | 1 | |
| 2. | Zohran Mamdani se minulý týden... | bude starostou New Yorku | 1 | |
| 3. | V centru které evropské metrop... | v centru Říma | 1 | |
| 4. | Která velká čínská firma prodá... | Shein | 1 | |
| 5. | Který bývalý profesionální spo... | David Beckham | 1 | |
| 6. | První novodobé hry se konaly v... | C | 1 | |
| 7. | U maratonu ještě zůstaneme. Me... | v Římě, běžel bosky | 1 | |
| 8. | V Calgary se v roce 1988 na st... | Eddie Eagle/orel Eddie/The Eagle; skoky na lyžích | 1 | |
| 9. | Nyní se přeneseme na olympijsk... | Emmons | 1 | |
| 10. | Na závěr postupně uslyšíte tři... | 3, 2, 1 | 1 |